000 00976nam a2200277Ia 4500
003 OSt
005 20221005110919.0
006 a|||||r|||| 00| 0
007 ta
008 221004b |||||||| |||| 00| 0 hin d
020 _a9788126717620 (hbk)
_c300
024 _a13457
037 _bBR8176, 20/03/2014, Rajkamal Prakashan Pvt. Ltd.
_cTextual
040 _aCRL
_cCRL
_bhin
041 _2hin
_ahin
082 _aO152,3N48,SB, P9
100 _aमंजूर एहतेशाम
245 0 _aसूखा बरगद
246 _aSūkhā baragada
250 _a2 संस्करण
260 _aनई दिल्ली
_bराजकमल प्रकाशन भारत
_c2011
300 _a227पृ0
_ccm.
650 _aहिन्दी साहित्य
942 _hO152,3N48,SB, P9
_cTEXL
_2cc
999 _c1020259
_d1020259